Psychological Testing, (Record no. 13668)

MARC details
000 -LEADER
fixed length control field 00426nam a22001697a 4500
003 - CONTROL NUMBER IDENTIFIER
control field OSt
008 - FIXED-LENGTH DATA ELEMENTS--GENERAL INFORMATION
fixed length control field 250711b |||||||| |||| 00| 0 eng d
020 ## - INTERNATIONAL STANDARD BOOK NUMBER
International Standard Book Number 9789332575585
082 ## - DEWEY DECIMAL CLASSIFICATION NUMBER
Classification number 150.287 ANP
100 ## - MAIN ENTRY--PERSONAL NAME
Personal name ANASTASI, Anne and URBINA, Susana
245 ## - TITLE STATEMENT
Title Psychological Testing,
250 ## - EDITION STATEMENT
Edition statement 7th. ed.
260 ## - PUBLICATION, DISTRIBUTION, ETC. (IMPRINT)
Place of publication, distribution, etc Noida,
Name of publisher, distributor, etc Pearson Education India,
Date of publication, distribution, etc 2022,
300 ## - PHYSICAL DESCRIPTION
Extent 628 p.
650 ## - SUBJECT ADDED ENTRY--TOPICAL TERM
Topical term or geographic name as entry element Psychology
942 ## - ADDED ENTRY ELEMENTS (KOHA)
Source of classification or shelving scheme Dewey Decimal Classification
Koha item type Text Books
Holdings
Withdrawn status Lost status Source of classification or shelving scheme Damaged status Not for loan Collection code Home library Current library Date acquired Source of acquisition Currency Cost, normal purchase price Bill Number Total Checkouts Full call number Acc. no. / Barcode Date last seen Actual Cost, discounted price Bill Date Koha item type
    Dewey Decimal Classification     BA (Hons) Psychology PIET NCR College Library PIET NCR College Library 03/07/2025 Zafaa Books & Distributers In Rupees 860.00 ZBD0177   150.287 ANP N3917 11/07/2025 602.00 03/07/2025 Text Books

Design & Developed by: PIET Central Library
R70 Miles Stone Pattikalyana Samalkha Panipat 132102
mail ID :- [email protected], Phone No:- 0180-2569700 Ex.216